书目信息 |
| 题名: |
级数
|
|
| 作者: | 董延闿 著 | |
| 分册: | ||
| 出版信息: | 上海 上海科学技术出版社 1982 |
|
| 页数: | 251页 | |
| 开本: | 19cm | |
| 丛书名: | 大学基础数学自学丛书 | |
| 单 册: | ||
| 中图分类: | O173 | |
| 科图分类: | ||
| 主题词: | 级数--理论 | |
| 电子资源: | ||
| ISBN: | ||
| 000 | 00664nam2 2200253 45 | |
| 001 | 0182000754 | |
| 005 | 20060430141015.42 | |
| 010 | @dCNY1.10 | |
| 091 | @a13119.1042 | |
| 100 | @a19950509d1982 em y0chiy0121 ea | |
| 101 | 0 | @achi |
| 102 | @aCN@b310000 | |
| 105 | @ay z 000yy | |
| 200 | 10 | @a级数@Aji shu@f董延闿著@Fdong yan kai zhu |
| 210 | @a上海@c上海科学技术出版社@d1982 | |
| 215 | @a251页@d19cm | |
| 225 | 2 | @a大学基础数学自学丛书 |
| 410 | 0 | @120010@a大学基础数学自学丛书 |
| 606 | @a级数@x理论 | |
| 690 | @aO173@v3 | |
| 701 | 0 | @a董延闿@Adong yan kai@4著 |
| 801 | 0 | @aCN@b上海图书馆@c20060430 |
| 801 | 2 | @aCN@bNLC@c20060308 |
| 905 | @dO173@e1 | |
| 级数/董延闿著.-上海:上海科学技术出版社,1982 |
| 251页;19cm.-(大学基础数学自学丛书) |
| ISBN :CNY1.10 |
| ● |
| 相关链接 |
|
|
|
|
正题名:级数
索取号:O173/1
 
预约/预借
| 序号 | 登录号 | 条形码 | 馆藏地/架位号 | 状态 | 备注 |
| 1 | 0142372 | 202190556 | 密集书库/ [索取号:O173/1] | 在馆 | |
| 2 | 0142377 | 202307342 | 密集书库/ [索取号:O173/1] | 在馆 | |
| 3 | 0142378 | 202307351 | 密集书库/ [索取号:O173/1] | 在馆 | |
| 4 | 0142379 | 202093705 | 密集书库/ [索取号:O173/1] | 在馆 |